Jane Eyre /
Jane Eyre by Charlotte Bronte is a coming-of-age novel that tells the story of a young girl who is growing up in a world that is full of hypocrisy and secrets. Despite the challenges that she faces, Jane manages to find happiness and peace in her life. The story is told in a first-person narrative,...
Uloženo v:
| Hlavní autor: | |
|---|---|
| Médium: | E-kniha |
| Jazyk: | Czech |
| Vydáno: |
Praha :
Saga Egmont,
2017
|
| Tagy: |
Žádné tagy |
| LEADER | 01249nam a22002297i 4500 | ||
|---|---|---|---|
| 001 | 312040 | ||
| 007 | ta | ||
| 008 | 260601s2017 xr ||||| |||| 00| 0 cze d | ||
| 020 | |a 9990003824530 | ||
| 044 | |a xr | ||
| 100 | 1 | |a Brontë, Charlotte |4 aut | |
| 245 | 1 | 0 | |a Jane Eyre / |c Brontë, Charlotte |
| 264 | 1 | |a Praha : |b Saga Egmont, |c 2017 | |
| 300 | |a 1 online zdroj (294 stran) | ||
| 336 | |a text |b txt |2 rdacontent | ||
| 337 | |a bez média |b n |2 rdamedia | ||
| 338 | |a online zdroj |b cr |2 rdacarrier | ||
| 520 | 2 | |a Jane Eyre by Charlotte Bronte is a coming-of-age novel that tells the story of a young girl who is growing up in a world that is full of hypocrisy and secrets. Despite the challenges that she faces, Jane manages to find happiness and peace in her life. The story is told in a first-person narrative, which allows readers to connect with Jane on a personal level. | |
| 910 | |a RBIT002 | ||
| 998 | |d 382453 |a https://core.palmknihy.cz/api/books/382453/cover?s0mgbg |b https://core.palmknihy.cz/api/books/382453/cover/400?s0mgbg |c https://core.palmknihy.cz/api/books/382453/cover/50?s0mgbg |e |g 294 |i 9990003824530 |j https://core.palmknihy.cz/api/books/382453/preview.epub |l |q 49 |r 1 |s https://www.palmknihy.cz/kniha/382453 |t ebook |y 2017 |z 1 | ||
| 999 | |d 312038 | ||